Iglesia, sociedad y derecho

Shranjeno v:
Bibliografske podrobnosti
Glavni avtor: García y García, Antonio (Author)
Format: Knjiga
Jezik:španščina
Izdano: Salamanca Universidad Pontificia de Salamanca 1985
Serija:Bibliotheca Salmanticensis. Estudios, 74 - 89
Teme:
Oznake: Označite
Brez oznak, prvi označite!

MARC

LEADER 00000cam a2200000 a 4500
001 UCW9119
003 CL-VaPUC
008 881207e19850000SP |||||||||||||||||spa|d
082 0 4 |a 262.9  |b GAR  |2 21 
100 |a García y García, Antonio  |e author  |9 620175 
245 1 0 |a Iglesia, sociedad y derecho 
300 |a 2 v 
942 |c BK 
945 |d 19881207 00:00:00 
260 |a Salamanca  |b Universidad Pontificia de Salamanca  |c 1985 
650 7 |a DERECHO CANONICO  |2 CL-VaPUC  |9 314260 
650 0 |a Derecho Indiano  |9 256266 
650 0 |a Derecho medieval  |9 314261 
651 0 |a España  |9 254926 
583 |a last modification  |c 20161003 01:10:20  |k Rodrigo Vera 
490 0 |a Bibliotheca Salmanticensis. Estudios, 74 - 89 
999 |c 221165  |d 221163 
952 |0 0  |1 0  |4 0  |6 262_900000000000000_GAR_1985  |7 0  |8 A  |9 214195  |a BIBTEO  |b BIBTEO  |d 2019-11-15  |h v.1  |i 2828200  |o 262.9 GAR 1985  |p 2828200  |r 2025-01-17  |w 2019-11-15  |y BK  |k ICR 
952 |0 0  |1 0  |4 0  |6 262_900000000000000_GAR_1985  |7 0  |8 DER_HDC  |9 214196  |a BIBDER  |b BIBDER  |d 2019-11-15  |h v.1  |i 1892029  |o 262.9 GAR 1985  |p 1892029  |r 2023-01-25  |w 2019-11-15  |x Ubicación 4to Piso  |y BK  |z Estos recursos deben solicitarse con anticipación  |k DER 
952 |0 0  |1 0  |4 0  |6 262_900000000000000_GAR_1985  |7 0  |8 DER_HDC  |9 214197  |a BIBDER  |b BIBDER  |d 2019-11-15  |h v.2  |i 1888498  |o 262.9 GAR 1985  |p 1888498  |r 2023-01-25  |w 2019-11-15  |x Ubicación 4to Piso  |y BK  |z Estos recursos deben solicitarse con anticipación  |k DER 
952 |0 0  |1 0  |4 0  |6 262_900000000000000_GAR_1985  |7 0  |8 DER_HDC  |9 214198  |a BIBDER  |b BIBDER  |d 2019-11-15  |h v.3  |i 3815137  |o 262.9 GAR 1985  |p 3815137  |r 2023-01-25  |w 2019-11-15  |x Ubicación 4to Piso  |y BK  |z Estos recursos deben solicitarse con anticipación  |k DER 
952 |0 0  |1 0  |3 erb  |4 0  |6 262_900000000000000_GAR_1985  |7 0  |8 A  |9 214199  |a BIBDER  |b BIBDER  |h v.2  |i 5284023  |o 262.9 GAR 1985  |p 5284023  |r 2023-01-25  |w 2019-11-15  |y BK  |z Catalogado en:20160428  |k DER